000 00396nam a22001697a 4500
003 SGT
020 _a9789389859379
082 _a611
_bS23S
100 _aSPLITTGERBER, RYAN
245 _aSNELL'S CLINICAL NEUROANATOMY
250 _a8TH
260 _aINDIA
_bWOLTERS KLUWER
_c2023
300 _a562
650 _aNEUROANATOMY
653 _aSNELL, CLINICAL, NEUROANATOMY
942 _2ddc
_cBK
_02
999 _c29157
_d29157